Bahasa Malaysia dinamik UPSR 4,5,6

Bibliographic Details
Format: Book
Published: Selangor : Penerbitan Prestasi Cemerlang Sdn. Bhd. , 2020
Subjects:

MARC

LEADER 00000cam a2200000 7i4500
001 0000085651
005 20210523.0
008 201001
020 |a 9789831664797 
041 0 |a Malay 
090 0 0 |a 499.2382   |b BAH 
245 1 0 |a Bahasa Malaysia dinamik UPSR 4,5,6 
260 |a Selangor :   |b Penerbitan Prestasi Cemerlang Sdn. Bhd. ,   |c 2020 
300 |a 185 p. ;   |c 21 cm. 
500 |a Teenager ages 13-18 years old (blue) 
541 0 0 |c Purchased on 2020   |f 2020/701 CRP   |h RM15.90 
650 0 |a Malay language   |x UPSR 
999 |a 0001629096   |b Book   |c Adult Collection   |e Cawangan Bukit Gambir 
999 |a 0001629097   |b Book   |c Adult Collection   |e Cawangan Bandar Penawar 
999 |a 0001629098   |b Book   |c REFERENCE   |e Cawangan Pontian 
999 |a 0001629099   |b Book   |c REFERENCE   |e Cawangan Taman Universiti 
999 |a 0001629100   |b Book   |c Adult Collection   |e Cawangan Taman Sri Lambak 
999 |a 0001629101   |b Book   |c Children Collection   |e Cawangan Muar 
999 |a 0001629102   |b Book   |c Adult Collection   |e Cawangan Bandar Tenggara 
999 |a 0001629103   |b Book   |c Adult Collection   |e Cawangan Mersing 
999 |a 0001629104   |b Book   |c Adult Collection   |e Cawangan Segamat 
999 |a 0001629105   |b Book   |c Adult Collection   |e Cawangan Kota Tinggi 
999 |a 0001629107   |b Book   |c Teenagers   |e Cawangan Tmn. Ungku Tun Aminah 
999 |a 0001629108   |b Book   |c Adult Collection   |e Cawangan Tangkak 
999 |a 0001629109   |b Book   |c Adult Collection   |e Cawangan Batu Pahat 
999 |a 0001632394   |b Book   |c Adult Collection   |e Perbadanan Perpustakaan Awam Johor 
999 |a 0001632395   |b Book   |c Adult Collection   |e Cawangan Urban Transformation Centre 
999 |a 0001632396   |b Book   |c Adult Collection   |e Cawangan AEON Kulaijaya